|
|
|
|
| LEADER |
01639njm a2200433 a 4500 |
| 001 |
001084765 |
| 003 |
CZ BrMZK |
| 005 |
20100406104907.0 |
| 007 |
sd fsngnnmmned |
| 008 |
100201s2009 xr nnn gs cze |
| 024 |
3 |
|
|a 8594015312408
|
| 028 |
0 |
1 |
|a AY 240-4
|b AudioStory
|
| 040 |
|
|
|a BOA001
|b cze
|
| 072 |
|
7 |
|a 821.134.3
|x Portugalská literatura, portugalsky psaná
|2 Konspekt
|9 25
|
| 080 |
|
|
|a 821.134.3(81)-31
|2 MRF
|
| 080 |
|
|
|a (0:82-312.5)
|2 MRF
|
| 080 |
|
|
|a (086.76)
|2 MRF
|
| 100 |
1 |
|
|a Coelho, Paulo,
|d 1947-
|7 jn19990001432
|4 aut
|
| 245 |
1 |
0 |
|a U řeky Piedra jsem usedla a plakala
|h [zvukový záznam] /
|c Paulo Coelho
|
| 260 |
|
|
|a Praha :
|b AudioStory,
|c p2009
|
| 300 |
|
|
|a 4 zvukové desky :
|b digital ;
|c 12 cm
|
| 500 |
|
|
|a Kompaktní desky
|
| 500 |
|
|
|a Překlad Antonín Pasienka
|
| 508 |
|
|
|a Režie Dimitrij Dudík
|
| 511 |
0 |
|
|a Čte Dana Černá, David Švehlík, Alois Švehlík
|
| 518 |
|
|
|a Nahráno ve studiu Lama v r. 2009
|
| 655 |
|
7 |
|a brazilské romány
|7 fd131923
|2 czenas
|
| 655 |
|
7 |
|a milostné romány
|7 fd132840
|2 czenas
|
| 655 |
|
7 |
|a kompaktní desky
|7 fd201991
|2 czenas
|
| 700 |
1 |
|
|a Pasienka, Anton,
|d 1962-
|7 jx20070125008
|4 trl
|
| 700 |
1 |
|
|a Čech, Martin,
|d 1959-
|7 xx0028226
|4 cmp
|
| 700 |
1 |
|
|a Dudík, Dimitrij,
|d 1963-
|7 jx20070726012
|4 drt
|
| 700 |
1 |
|
|a Černá, Dana,
|d 1970-
|7 xx0063282
|4 nrt
|
| 700 |
1 |
|
|a Švehlík, David,
|d 1972-
|7 xx0045422
|4 nrt
|
| 700 |
1 |
|
|a Švehlík, Alois,
|d 1939-2025
|7 jn19990209906
|4 nrt
|
| 910 |
2 |
|
|a BOA001
|b CDR-1237.166
|
| 990 |
|
|
|a AV
|
| 991 |
|
|
|b 201004
|
| 996 |
6 |
|
|b 2610410644
|c CDR-1237.166
|l MZK
|r Sklad / do 24 hodin
|n 0
|p p.v.
|w 001107683
|u 000010
|a 1
|e BOA001
|j MZK50
|s P
|